| 000 | 00987nam a22002537a 4500 | ||
|---|---|---|---|
| 999 |
_c4381 _d4381 |
||
| 003 | AR-CdUCM | ||
| 008 | 190308b ||||| |||| 00| 0 spa d | ||
| 040 |
_aMUNICIPALIDAD PROVINCIAL DEL CUSCO _cBIBLIOTECA MUNICIPAL DEL CUSCO |
||
| 041 | _hita | ||
| 082 |
_a734 / _bSA18 |
||
| 100 |
_aSalvini, Roberto _913836 |
||
| 245 | _aLa escultura románica en Europa / | ||
| 260 |
_aMéxico : _bUTEHA, _c1962. |
||
| 300 |
_aXV, 94, 96 páginas ; _bilustraciones, láminas, _c17 cm. |
||
| 440 |
_aManuales Uteha _n91-91a _913837 |
||
| 440 |
_aSección Arte. _n11 _913838 |
||
| 505 | _aContenido: Orígenes de la escultura románica -- La primera escultura lombarda -- La primera escultura de Aquitania -- La escuela de Borgoña -- La segunda escuela de aquitana y la influencia borgoñona en Italia ... | ||
| 650 |
_aEscultura Románica _913839 |
||
| 650 |
_aEuropa _91221 |
||
| 650 |
_aArtistas _9394 |
||
| 700 |
_aGerhard, Carlos (traducción) _96079 |
||
| 942 |
_2ddc _cLIBROS |
||
| 945 | _aachl | ||